عرض عادي
عرض مارك
- Identity (Psychology) in literature.
مدخل مصطلح موضوعي
001 - رقم الضبط
- حقل الضبط: 8647
003 - معرف رقم الضبط
- حقل الضبط: OSt
005 - تاريخ ووقت أخر عملية
- حقل الضبط: 20111215104712.0
008 - عناصر بيانات ثابتة الطول
- حقل تحكم ثابت الطول: 111215|||a|||||| | ||| d
040 ## - مصدر الفهرسة
- هيئة الفهرسة الأصلية: OSt
- وكالة الكتابة: OSt
150 ## - مدخل-- مصطلح تاريخي
- عنصر مدخل المصطلح الموضوعي او الاسم الجغرافي: Identity (Psychology) in literature.
670 ## - بيانات المصدر موجوده
- الاستشهاد بالمصدر: Work cat.: (OSt)0: Clingman, Stephen. 8644, The grammar of identity :, 2009.
